[Event "Maastricht Limburg op-C 4th"]
[Site "Maastricht"]
[Date "2010.05.24"]
[Round "6"]
[White "Van Eijk, Liedewij"]
[Black "Weerts, Rene"]
[Result "0-1"]
[WhiteElo "1281"]
[BlackElo "1672"]
[PlyCount "102"]
[EventDate "2010.05.21"]
[EventType "swiss"]
[EventRounds "7"]
[EventCountry "NED"]
[SourceTitle "EXT 2011"]
[Source "ChessBase"]
[SourceDate "2010.11.26"]
[SourceVersion "1"]
[SourceVersionDate "2010.11.26"]
[SourceQuality "1"]

1. e4 g6 2. Nc3 d6 3. g3 Bg7 4. Bg2 c6 5. Nge2 e5 6. 0-0 Be6 7. d3 Nd7 8. f4 f6 9. Rb1 Ne7 10. fxe5 Qb6+ 11. Kh1 Nxe5 12. d4 Nf7 13. Nf4 Bd7 14. Qe2 Qxd4 15. Be3 Qe5 16. Nd3 Qa5 17. b4 Qc7 18. Nf4 0-0 19. Qc4 b5 20. Nxb5 Qb8 21. Nd4 Qc8 22. Nfe6 Ne5 23. Qb3 Rf7 24. Nxg7 Kxg7 25. Bf4 Rb8 26. Bxe5 dxe5 27. Nf3 c5 28. Nxe5 Be6 29. Nc4 Rxb4 30. Nd6 Qd7 31. Qd3 Rd4 32. Nxf7 Rxd3 33. cxd3 Bxf7 34. e5 fxe5 35. Rb7 Qd6 36. Rxa7 Bd5 37. Rxe7+ Qxe7 38. Bxd5 Qd6 39. Be4 c4 40. dxc4 Qd4 41. Bd5 e4 42. g4 g5 43. a4 e3 44. Rf7+ Kg6 45. Rd7 Qd1+ 46. Kg2 Qxg4+ 47. Kf1 Qxd7 48. a5 Qa7 49. Ke2 Qd4 50. a6 Qd2+ 51. Kf3 e2 0-1